000 00295nam a22001337a 4500
008 210303b ||||| |||| 00| 0 eng d
020 _a0835917193
041 _aeng
080 _a510
100 _a36
101 _aMAT
245 _aElementary Numerical Analysis
_cSmith,A.W
942 _2udc
_cBK
999 _c55616
_d55616